000 00725nam a22002657a 4500
001 BR9702092
003 BR-BrBNA
005 20230928095432.0
007 ta
008 230509b bl.||||| |||| 00| 0 por d
040 _aBR-BrBNA
_bpor
_cBiblioteca Nacional de Agricultura
041 _a(Por)
072 _aF01
090 _ F01 BR9702092
100 1 _aOliveira, J.A. de
110 1 _aAssociacao Nacional de Credito e Assistencia Rural do Estado do Ceara, Fortaleza (Brasil)
_9653
245 1 _aFaca capineira
260 3 _aFortaleza, CE (Brasil):
_c[nd].
300 _a40 p.
500 _a33 illus.
650 _aCapineira
650 _aPratica Cultural
909 _a202309
_bLucia
_c55
_dLucia Elande
942 _cBK
999 _c56553
_d56553